00439nam a2200181Ia 4500003000400000005001700004008004100021020002200062040000700084041000800091082002300099100002400122245002700146260003700173300001400210365001300224650002000237OSt20230317114449.0210423s2008 xx 000 0 und d a978-0-143-42333-1 cAL aeng a823.914 223bPATP aPATTANAIK (Devdutt) aPregnant king: a novel aHaryanabPenguin Books Ltdc2008 ax,349bPB b299cINR aEnglish Fiction